00697nam a22001097a 4500040000800000082002700008100001400035245048200049260002600531300001800557856001200575 cRUA aAGR RUN 2005 B032 Or.1 aRUN VIRAK aThe study on potential for agroestry system development by basac river in kampongs svay commune, keansvay district, kandal province,(សិក្សាសក្ដានុពលដើម្បីអភិវឌ្ឍន៍ប្រព័ន្ធកសិរុកម្ម នៅតំបន់ជុំវិញទន្លេបាសាក់ ក្នុងឃុំកំពង់ស្វាយ ស្រុកកៀនស្វាយ ខេត្តកណ្ដាល) aphnom penhbRUAc2005 aix,45p.cill. uKEAN KA